00249nam a22001097a 4500020001800000082001500018100001600033245003400049260003800083300001100121563000700132 a9780241454145 a813.6bKIN aKinney,Jeff aDiary of a wimpy kid big shot aUK:bPenguin random house,c2021, a217p.; aPB